000 01253nam a2200313Ia 4500
001 ebr10685356
003 CaPaEBR
006 m u
007 cr cn|||||||||
008 130424s2013 dcua sb 000 0 eng d
020 _z9780821398531
020 _z9780821398562 (ebook)
040 _aCaPaEBR
_cCaPaEBR
035 _a(OCoLC)846993869
050 1 4 _aHG3881.5.W57
_bR477 2012eb
245 0 0 _aResults and performance of the World Bank Group
_h[electronic resource] .
_p2012.
_nVolume 1 /
_cIEG World Bank.
260 _aWashington, D.C. :
_bWorld Bank,
_cc2013.
300 _axxviii, 83 p. :
_bill.
504 _aIncludes bibliographical references.
533 _aElectronic reproduction.
_bPalo Alto, Calif. :
_cebrary,
_d2013.
_nAvailable via World Wide Web.
_nAccess may be limited to ebrary affiliated libraries.
610 2 0 _aWorld Bank.
650 0 _aEconomic development projects
_xEvaluation.
650 0 _aEconomic assistance
_xEvaluation.
655 7 _aElectronic books.
_2local
710 2 _aWorld Bank.
_bIndependent Evaluation Group.
710 2 _aWorld Bank.
710 2 _aebrary, Inc.
856 4 0 _uhttp://site.ebrary.com/lib/rucke/Doc?id=10685356
_zAn electronic book accessible through the World Wide Web; click to view
999 _c30506
_d30506